Wszystkie Stolice Świata - Statystyki

Ogólne statystyki
  • Ten quiz został rozwiązany 619 razy
    611 od ostatniego zresetowania
  • Średni wynik to 117 z 196
Statystyki odpowiedzi
Podpowiedź Odpowiedź % Poprawnych
Andora Andora
94%
Austria Wiedeń
93%
Argentyna Buenos Aires
92%
Białoruś Mińsk
90%
Albania Tirana
90%
Belgia Bruksela
89%
Egipt Kair
88%
Francja Paryż
88%
Chiny Pekin
88%
Czechy Praga
88%
Algieria Algier
87%
Dania Kopenhaga
86%
Hiszpania Madryt
86%
Chorwacja Zagrzeb
86%
Holandia Amsterdam
85%
Grecja Ateny
85%
Brazylia Brasilia
85%
Finlandia Helsinki
85%
Bułgaria Sofia
85%
Japonia Tokio
85%
Australia Canberra
84%
Irlandia Dublin
84%
Bośnia i Hercegowina Sarajewo
84%
Estonia Tallinn
84%
Azerbejdżan Baku
82%
Izrael Jerozolima
82%
Kanada Ottawa
82%
Islandia Reykjavik
82%
Arabia Saudyjska Rijad
82%
Niemcy Berlin
81%
Meksyk Meksyk
81%
Cypr Nikozja
81%
Indie Nowe Delhi
81%
Korea Południowa Seul
81%
Litwa Wilno
81%
Afganistan Kabul
80%
Luksemburg Luksemburg
80%
Łotwa Ryga
80%
Polska Warszawa
80%
Monako Monako
79%
Rosja Moskwa
79%
Norwegia Oslo
79%
Słowacja Bratysława
78%
San Marino San Marino
78%
Chile Santiago
78%
Iran Teheran
78%
Liechtenstein Vaduz
78%
Armenia Erywań
77%
Stany Zjednoczone Waszyngton
77%
Rumunia Bukareszt
76%
Boliwia La Paz/Sucre
76%
Portugalia Lizbona
76%
Korea Północna Pjongjang
76%
Czarnogóra Podgorica
76%
Macedonia Północna Skopje
76%
Malta Valletta
76%
Kosowo Prisztina
75%
Szwecja Sztokholm
75%
Szwajcaria Berno
74%
Indonezja Dżakarta
74%
Kuba Hawana
74%
Słowenia Lublana
74%
Filipiny Manila
73%
Gruzja Tbilisi
73%
Serbia Belgrad
72%
Kolumbia Bogota
72%
Mołdawia Kiszyniów
72%
Peru Lima
72%
Kazachstan Nursułtan
72%
Maroko Rabat
72%
Mongolia Ułan Bator
72%
Gwatemala Gwatemala
71%
Turcja Ankara
70%
Irak Bagdad
70%
Węgry Budapeszt
70%
Ukraina Kijów
70%
Wielka Brytania Londyn
70%
Singapur Singapur
70%
Watykan Watykan
70%
Panama Panama
69%
Włochy Rzym
69%
Bangladesz Dhaka
68%
Jamajka Kingston
68%
Ekwador Quito
68%
Kenia Nairobi
67%
Liban Bejrut
66%
Republika Południowej Afryki Kapsztad/Pretoria/Bloemfontein
66%
Malezja Kuala Lumpur
66%
Kuwejt Kuwejt
66%
Nowa Zelandia Wellington
66%
Tajlandia Bangkok
65%
Tunezja Tunis
65%
Madagaskar Antananarywa
64%
Syria Damaszek
64%
Dżibuti Dżibuti
63%
Malediwy Male
63%
Urugwaj Montevideo
62%
Katar Ad-Dauha
61%
Senegal Dakar
61%
Pakistan Islamabad
61%
Etiopia Addis Abeba
60%
Jordania Amman
60%
Dominikana Santo Domingo
60%
Gwinea Bissau Bissau
59%
Wietnam Hanoi
59%
Angola Luanda
59%
Zjednoczone Emiraty Arabskie Abu Zabi
58%
Jemen Sana
57%
Sri Lanka Sri Dźajawardanapura Kotte
56%
Tajwan Tajpej
56%
Laos Wientian
56%
Wenezuela Caracas
55%
Demokratyczna Republika Konga Kinszasa
55%
Bahamy Nassau
55%
Haiti Port-au-Prince
55%
Kostaryka San José
55%
Salwador San Salvador
55%
Libia Trypolis
55%
Nepal Katmandu
54%
Paragwaj Asunción
53%
Kirgistan Biszkek
53%
Kambodża Phnom Penh
52%
Bhutan Thimphu
52%
Ghana Akra
51%
Belize Belmopan
51%
Bahrajn Manama
51%
Czad Ndżamena
51%
Sudan Chartum
50%
Gujana Georgetown
50%
Nigeria Abudża
49%
Brunei Bandar Seri Begawan
49%
Botswana Gaborone
49%
Oman Maskat
49%
Honduras Tegucigalpa
49%
Niger Niamey
47%
Dominika Roseau
47%
Fidżi Suva
47%
Mjanma Naypyidaw
46%
Antigua i Barbuda Saint John's
46%
Barbados Bridgetown
45%
Sierra Leone Freetown
45%
Nikaragua Managua
45%
Somalia Mogadiszu
45%
Surinam Paramaribo
45%
Burkina Faso Wagadugu
45%
Seszele Victoria
44%
Turkmenistan Aszchabad
43%
Kongo Brazzaville
43%
Timor Wschodni Dili
43%
Trynidad i Tobago Port-of-Spain
43%
Benin Porto-Novo
43%
Burundi Gitega
41%
Eswatini Mbabane
41%
Papua-Nowa Gwinea Port Moresby
41%
Grenada Saint George's
41%
Uzbekistan Taszkent
41%
Erytrea Asmara
40%
Gabon Libreville
40%
Nauru Yaren
40%
Sudan Południowy Dżuba
39%
Tadżykistan Duszanbe
38%
Kamerun Jaunde
38%
Republika Zielonego Przylądka Praia
38%
Saint Lucia Castries
36%
Mauritius Port Louis
36%
Zimbabwe Harare
35%
Rwanda Kigali
35%
Gwinea Konakry
35%
Liberia Monrovia
35%
Republika Środkowoafrykańska Bangi
34%
Samoa Apia
32%
Saint Kitts i Nevis Basseterre
32%
Saint Vincent i Grenadyny Kingstown
32%
Wyspy Świętego Tomasza i Książęca São Tomé
32%
Mali Bamako
31%
Tanzania Dodoma
31%
Wyspy Salomona Honiara
31%
Mikronezja Palikir
31%
Uganda Kampala
30%
Zambia Lusaka
30%
Gwinea Równikowa Malabo
30%
Mauretania Nawakszut
30%
Gambia Bandżul
29%
Mozambik Maputo
28%
Komory Moroni
28%
Vanuatu Port Vila
28%
Kiribati Tarawa
28%
Namibia Windhuk
28%
Malawi Lilongwe
27%
Lesotho Maseru
27%
Togo Lomé
26%
Palau Ngerulmud
22%
Tuvalu Funafuti
21%
Wybrzeże Kości Słoniowej Jamusukro
21%
Tonga Nuku'Alofa
20%
Wyspy Marshalla Majuro
19%
Nie znaleziono quizów pasujących do podanych kryteriów
Rozkład punktacji
Procent ludzi z każdym wynikiem
Percentyl według liczby udzielonych odpowiedzi
Twoja historia wyników
Nie rozwiązałeś tego quizu od ostatniego zresetowania